Codes postaux par centaines : villes de la région Languedoc-Roussillon - Statistiques

Statistiques générales
  • Ce quiz a été pris 93 fois
  • Le résultat moyen est 19 sur 43
Statistiques - réponses
Département Code postal Ville % Correct
Hérault 34000 Montpellier
95%
Hérault 34500 Béziers
91%
Gard 30000 Nîmes
91%
Pyrénées-Orientales 66000 Perpignan
91%
Aude 11100 Narbonne
89%
Aude 11000 Carcassonne
86%
Hérault 34200 Sète
86%
Gard 30100 Alès
85%
Lozère 48000 Mende
82%
Hérault 34300 Agde
77%
Pyrénées-Orientales 66700 Argelès-sur-Mer
62%
Hérault 34400 Lunel
62%
Hérault 34700 Lodève
61%
Gard 30700 Uzès
59%
Pyrénées-Orientales 66500 Prades
56%
Aude 11400 Castelnaudary
53%
Aude 11300 Limoux
52%
Lozère 48400 Florac Trois Rivières
50%
Lozère 48100 Marvejols
50%
Pyrénées-Orientales 66400 Céret
45%
Aude 11200 Lézignan-Corbières
42%
Gard 30300 Beaucaire
41%
Hérault 34800 Clermont-l'Hérault
38%
Gard 30200 Bagnols-sur-Cèze
36%
Gard 30800 Saint-Gilles
33%
Lozère 48200 Saint-Chély-d'Apcher
32%
Gard 30400 Villeneuve-lès-Avignon
29%
Hérault 34600 Bédarieux
24%
Gard 30600 Vauvert
24%
Lozère 48300 Langogne
23%
Aude 11500 Quillan
23%
Pyrénées-Orientales 66300 Thuir
23%
Pyrénées-Orientales 66600 Rivesaltes
21%
Aude 11800 Trèbes
20%
Pyrénées-Orientales 66200 Elne
18%
Lozère 48500 La Canourgue
14%
Gard 30500 Saint-Ambroix
14%
Lozère 48800 Villefort
11%
Aude 11700 Capendu / La Redorte
5%
Pyrénées-Orientales 66800 Saillagouse
5%
Aude 11600 Conques-sur-Orbiel
3%
Lozère 48600 Grandrieu / Bel-Air-Val-d'Ance
3%
Lozère 48700 Monts-de-Randon
2%
Aucun quiz correspondant
Distribution des résultats
% des personnes avec chaque résultat
Percentile par nombre de réponses
Votre historique - résultats
Vous n’avez pas pris ce quiz